000 01021nam a22002537a 4500
005 20240530110555.0
008 160229s2013 ua g b 000 0 ara d
017 _a2012/23113
_bمصر . دار الكتب المصرية
020 _a9789774312538
040 _aEG-CaGPL
082 0 4 _221
_a370.115\
_bط م
100 0 _aطارق عبدالرؤوف عامر
245 1 0 _aمؤسسات التربية و التنشئة السياسية /
_cطارق عبدالرؤوف عامر ، ايهاب عيسى المصرى
250 _aط1
260 _aالقاهرة :
_bمؤسسة طيبة للنشر و التوزيع ،
_c2013 .
300 _a256 ص ؛
_c24 سم .
504 _aيشتمل على ارجاعات ببليوجرافية
650 0 4 _aالحقوق الوطنية
650 0 4 _aالسياسة التعليمية
650 0 4 _aالحقوق السياسية
700 0 _aايهاب عيسى المصرى
_eمؤلف مشارك
942 _2ddc
_cBK
999 _c62554
_d62554